|
|
|
|
| LEADER |
00000nam a2200000 a 4500 |
| 001 |
vtls011559488 |
| 003 |
SK-MaSNL |
| 005 |
20260301220438.0 |
| 007 |
co cg auuua |
| 008 |
160613s2016 xo | fsfp 000 0 slo |
| 015 |
|
|
|a SNBS2017
|
| 020 |
|
|
|a 9788055215044 (elektronická kniha)
|
| 040 |
|
|
|a SNK
|b slo
|c SNK
|e AACR2
|
| 041 |
0 |
|
|a slo
|
| 044 |
|
|
|a xo
|c SK
|
| 072 |
|
7 |
|a 62
|x Technika všeobecne
|2 konspekt
|
| 072 |
|
7 |
|a 378
|x Vysoké školy
|2 konspekt
|
| 080 |
|
|
|a 62
|2 2011
|
| 080 |
|
|
|a 37.091.212.2
|2 2011
|
| 080 |
|
|
|a 378
|2 2011
|
| 080 |
|
|
|a (0.034.44)
|2 2011
|
| 080 |
|
|
|a (072)
|2 2011
|
| 080 |
|
|
|a (035)
|2 2011
|
| 245 |
0 |
0 |
|a Požiadavky na prijímacie skúšky pre II. stupeň štúdia na Technickej fakulte SPU v Nitre
|h elektronický zdroj
|c príručku zostavil: Roman Gálik, Jozef Chrastina
|
| 250 |
|
|
|a Vyd.: štvrté zmenené
|
| 260 |
|
|
|a Nitra
|b Slovenská poľnohospodárska univerzita
|c 2016
|
| 300 |
|
|
|a 1 elektronický optický disk (CD-ROM)
|c 12 cm
|
| 500 |
|
|
|a Názov z titulnej obrazovky
|
| 516 |
|
|
|a Textový dokument (príručka), súbor vo formáte pdf
|
| 538 |
|
|
|a Technické požiadavky: PDF prehliadač
|
| 650 |
0 |
7 |
|a technika
|2 SNKPH
|9 671
|
| 650 |
0 |
7 |
|a učivo vysokých škôl
|2 SNKPH
|9 68578
|
| 650 |
0 |
7 |
|a vysoké školy
|2 SNKPH
|9 1277
|
| 650 |
0 |
7 |
|a prijímacie skúšky
|2 SNKPH
|9 1229
|
| 650 |
0 |
7 |
|a Technology
|2 SNKPHeng
|9 266383
|
| 650 |
0 |
7 |
|a College curriculum
|2 SNKPHeng
|9 347194
|
| 650 |
0 |
7 |
|a Universities and colleges
|2 SNKPHeng
|9 265426
|
| 650 |
0 |
7 |
|a Entrance examinations
|2 SNKPHeng
|9 311635
|
| 655 |
|
7 |
|a elektronické zdroje
|2 SNKPH
|9 90954
|
| 655 |
|
7 |
|a CD-ROM
|2 SNKPH
|9 70236
|
| 655 |
|
7 |
|a príručky
|2 SNKPH
|9 74364
|
| 655 |
|
7 |
|a učebné pomôcky
|2 SNKPH
|9 70567
|
| 655 |
|
7 |
|a Electronic resources
|2 SNKPHeng
|9 175546
|
| 655 |
|
7 |
|a Handbooks, manuals, etc.
|2 SNKPHeng
|9 90964
|
| 655 |
|
7 |
|a Teaching aids
|2 SNKPHeng
|9 315691
|
| 700 |
1 |
|
|a Gálik, Roman,
|d 1969-
|4 com
|9 188648
|
| 700 |
1 |
|
|a Chrastina, Jozef
|4 com
|9 419561
|
| 710 |
2 |
|
|a Slovenská poľnohospodárska univerzita v Nitre.
|b Technická fakulta
|4 pbl
|9 179172
|
| 919 |
|
|
|a 978-80-552-1504-4
|
| 999 |
|
|
|c 931827
|d 933757
|
| 952 |
|
|
|a SNK
|b SNK
|y PREZ
|7 0
|p 17A1198050
|o snkSCDM 8585
|i snk2016/15283
|8 0
|0 0
|1 0
|4 0
|d 2016-06-13
|l 0
|r 2026-02-24 08:51:50
|w 2026-02-24
|